书目信息 |
| 题名: |
世界童话史
|
|
| 作者: | 韦苇 著 | |
| 分册: | ||
| 出版信息: | 上海 复旦大学出版社 2015.11 |
|
| 页数: | 183页 | |
| 开本: | 30cm | |
| 丛书名: | ||
| 单 册: | ||
| 中图分类: | I106.8 | |
| 科图分类: | ||
| 主题词: | 童话--文学史--世界--学前教育--教材 | |
| 电子资源: | ||
| ISBN: | 978-7-309-11573-4 | |
| 000 | 00956nam0 2200265 450 | |
| 001 | 0120151723772 | |
| 005 | 20160606172641.20 | |
| 010 | @a978-7-309-11573-4@dCNY30.00 | |
| 100 | @a20151230d2015 em y0chiy50 ea | |
| 101 | 0 | @achi |
| 102 | @aCN@b310000 | |
| 105 | @aa z 000yy | |
| 106 | @ar | |
| 200 | 1 | @a世界童话史@9shi jie tong hua shi@f韦苇著 |
| 205 | @a3版 | |
| 210 | @a上海@c复旦大学出版社@d2015.11 | |
| 215 | @a183页@c图@d30cm | |
| 300 | @a全国学前教育专业(新课程标准)“十二五”规划教材 | |
| 330 | @a本书以世界为视野(包括中国),就儿童文学的一个首位重要的分支——童话发生、发展的全过程进行完整的描述和评介。既为“外国童话史”,范围就只涉及外国并且自然以西欧、北欧、东欧三大板块为中心内容,从童话文学现象中归纳其发展规律。 | |
| 333 | @a儿童文学研究人员 | |
| 606 | 0 | @a童话@x文学史@y世界@x学前教育@j教材 |
| 690 | @aI106.8@v5 | |
| 701 | 0 | @a韦苇@9wei wei@4著 |
| 801 | 0 | @aCN@b人天书店@c20151230 |
| 905 | @b878284-89@dI106.8@e226=3@f6 | |
| 世界童话史/韦苇著.-3版.-上海:复旦大学出版社,2015.11 |
| 183页:图;30cm |
| 全国学前教育专业(新课程标准)“十二五”规划教材.-使用对象:儿童文学研究人员 |
| ISBN 978-7-309-11573-4:CNY30.00 |
| 本书以世界为视野(包括中国),就儿童文学的一个首位重要的分支——童话发生、发展的全过程进行完整的描述和评介。既为“外国童话史”,范围就只涉及外国并且自然以西欧、北欧、东欧三大板块为中心内容,从童话文学现象中归纳其发展规律。 |
| ● |
| 相关链接 |
|
|
|
|
正题名:世界童话史
索取号:I106.8/226=3
 
预约/预借
| 序号 | 登录号 | 条形码 | 馆藏地/架位号 | 状态 | 备注 |
| 1 | 878284 | 208782842 | 第一样本阅览室/ [索取号:I106.8/226=3] | 在馆 | |
| 2 | 878285 | 208782851 | 教育系资料室/ [索取号:I106.8/226=3] | 在馆 | |
| 3 | 878286 | 208782860 | 教育系资料室/ [索取号:I106.8/226=3] | 在馆 | |
| 4 | 878287 | 208782879 | 教育系资料室/ [索取号:I106.8/226=3] | 在馆 | |
| 5 | 878288 | 208782888 | 第二借阅区/ [索取号:I106.8/226=3] | 在馆 | |
| 6 | 878289 | 208782897 | 第二借阅区/ [索取号:I106.8/226=3] | 在馆 |